000 01131nam a2200229Ia 4500
008 0000002005 pr ad 0000000000spa00
090 _aPPR00 N63e
100 1 _aNogueras Cuevas, Celina
245 1 0 _aEdgard Rodríguez Luiggi
_b: muérdago
_c/ textos y curaduría Celina Nogueras Cuevas
300 _a[12] p.
_c/ 23 cm.
500 _aExposición realizada en Galería 356, San Juan, mayo 12 a junio 11 de 2005 \ Incluye datos cronología del artista \ Registro auspiciado por la FGAA. Bogotá
501 _aPintar, ¿por qué?, mirar ¿para quiéñ / Celina Nogueras Cuevas
505 _aOBRAS : Muérdagos Retollos Vigilantes Latitudes Distancias cortadas Prejuiciados Al compás de la muerte Mecedoras inalienables Cubierto refugios
600 0 0 _aRODRIGUEZ LUIGGI, EDGARD, 1968/
_xTRABAJOS PICTORICOS
650 1 4 _aARTE CONTEMPORANEO PUERTORRIQUEÑO
650 1 4 _aARTISTAS PLASTICOS PUERTORRIQUEÑOS
650 1 4 _xCATALOGOS
650 1 4 _xEXPOSICIONES
650 1 4 _aPINTORES PUERTORRIQUEÑOS
650 1 4 _aPINTURA PUERTORRIQUEÑA
999 _c10275
_d10275
260 _aSan Juan de Puerto Rico : Galería 356
_c2005